Tennis Players - Sudden Death - Statistics

General Stats
  • This quiz has been taken 5,453 times
  • The average score is 13 of 16
Answers on the Grid
Answers color-coded by a green-red scale on the quiz's grid according to % correct below.
Alexander Zverev
Andre Agassi
Andy Murray
Andy Roddick
Björn Borg
Carlos Alcaraz
Cristiano Ronaldo
Daniil Medvedev
Dirk Nowitzki
Jannik Sinner
Juan Martín del Potro
Jude Bellingham
Kei Nishikori
Lionel Messi
Luka Modrić
Ma Long
Marat Safin
Michael Jordan
Nikola Jokić
Nikola Karabatić
Novak Djokovic
Pete Sampras
Rafael Nadal
Roger Federer
Stan Wawrinka
Tiger Woods
Travis Kelce
Virat Kohli
Wayne Gretzky
Xu Xin
Zinedine Zidane
Zlatan Ibrahimović
 
Answer Stats
Answer % Correct
Andy Murray
94%
Carlos Alcaraz
92%
Alexander Zverev
91%
Andre Agassi
90%
Daniil Medvedev
89%
Jannik Sinner
88%
Björn Borg
87%
Novak Djokovic
87%
Roger Federer
87%
Rafael Nadal
86%
Andy Roddick
83%
Pete Sampras
78%
Stan Wawrinka
77%
Juan Martín del Potro
75%
Kei Nishikori
69%
Marat Safin
66%
No matching quizzes found
Score Distribution
Percent of People with Each Score
Percentile by Number Answered
Your Score History
You have not taken this quiz